Responses for Show #7074 - Thursday, May 21, 2015

Andrew Haringer game 6.

Contestants

[<< previous game]

Laurie McNeill, an operations manager from Orlando, Florida

Choyon Manjrekar, an urban planner from Providence, Rhode Island

Andrew Haringer, a college instructor from Squamish, British Columbia, Canada (whose 5-day cash winnings total $96,599)

[next game >>]

Jeopardy! Round responses

THERE'S A BUG IN MY BOOK TITLE
THE 20th CENTURY
GIST OF THE AMENDMENT
(Alex: We're talking about the United States.)
FUN WITH WOMEN'S CLOTHING
MATTHEW McCONAUGHEY
"ALL" RIGHT, "ALL" RIGHT, "ALL" RIGHT
    $200 4
Caterpillar

Choyon
    $200 23
Rosa Parks

Andrew
    $200 17
(Andrew: What is the Third Amendment?)

the First Amendment

AndrewChoyon
    $200 25
(Laurie: What's a girdle?)
(Alex: A girdle? No.)

a corset

Laurie
Triple Stumper
    $200 1
Interstellar

Andrew
    $200 11
(Andrew: What is all net?)
(Laurie: What is nothing but air?)

air ball!

AndrewLaurie
Triple Stumper
    $400 5
Bees

Laurie
    $400 24
(Alex: Yes, with less than a minute to go now.)

Mars

Andrew
    $400 16
(Choyon: What is the Fifth Amendment?)

the Fourth Amendment

ChoyonLaurie
    $400 26
a blazer

Choyon
    $400 2
Dazed and Confused

Laurie
    $400 12
a catcall

Andrew
    $600 6
Dragonfly

Triple Stumper
    $1,200 20
the Scopes (Monkey) Trial

Choyon
    $600 18
the 13th Amendment

Choyon
    $600 28
(Andrew: What is chiffon?)
(Laurie: What is silk?)
[Initially ruled incorrect; reversed before Double Jeopardy!]
[The end-of-round signal sounds.]

satin

AndrewLaurie
    $600 3
Dallas Buyers Club

Choyon
    $600 13
all-terrain vehicle

Laurie
    $800 7
Cricket

Laurie
    $800 21
(Charles) de Gaulle

Choyon
    $800 19
(Alex: ...the right to a speedy trial.)

the Sixth Amendment

Triple Stumper
    $800 9
The Wolf of Wall Street

Andrew
    $800 14
(Laurie: What is callous?)

gall

Laurie
Triple Stumper
    $1000 8
Locust

Andrew
    $1000 22
the European Economic Community

Andrew
    $1000 27
the 21st Amendment

Andrew
    $1000 10
(Alex: You're having fun with this category.)
(Andrew: I am. I am.)

Magic Mike

Andrew
    $1000 15
the fourth wall

Choyon

Scores at the first commercial break (after clue 15):

Andrew Choyon Laurie
$3,200 $1,800 $1,200

Scores at the end of the Jeopardy! Round:

Andrew Choyon Laurie
$5,000 $4,600 $2,000

Double Jeopardy! Round responses

WORLD LEADER PORTRAIT GALLERY
ODD WORDS
"C" IN SCIENCE
PUSSYCAT POT-PURREE
PLACE NAMES
BUSINESS ABBEV.
    $400 1
(Benazir) Bhutto

Andrew
    $400 15
a catalyst

Laurie
    $400 16
Mister Rogers

Andrew
    $400 22
white

Andrew
    $400 24
investment

Andrew
    $800 2
(Alex: Yes. Pierre Trudeau.)

Canada

Choyon
    $800 29
(Andrew: What is drowning?)
...
(Alex: A lapidary is one who works [*].)
[The end-of-round signal sounds.]

with stones

Andrew
Triple Stumper
    $800 14
a chain reaction

Laurie
    $800 17
Catwoman

Choyon
    $800 19
(Choyon: What is the Seminole?)

the Cherokee

AndrewChoyon
    $800 28
profits & losses

Choyon
    $1200 5
(Choyon: Who is Berlusconi?)
...
(Alex: We were going for the country. The gentleman was Silvio Berlusconi.)

Italy

ChoyonLaurie
    $2,000 13
rolling your eyes

Choyon
    $1200 8
cortisone

Triple Stumper
    $1200 11
the Pussycat Dolls

Choyon
    $3,000 12
the Atlas Mountains

Choyon
    $1200 27
earnings

Laurie
    $1600 6
(Golda) Meir

Andrew
    $1600 18
troglodyte

Triple Stumper
    $1600 9
Crohn's disease

Choyon
    $1600 20
(Choyon: What is The Pink Panther?)

What's New, Pussycat?

Choyon
Triple Stumper
    $1600 4
the Philippines

Andrew
    $1600 26
chief operating officer

Choyon
    $2000 7
(Jawaharlal) Nehru

Choyon
    $2000 25
hinny

Triple Stumper
    $2000 10
the Cro-Magnon

Andrew
    $2000 21
(Alex: You got it with about a minute to go.)

Josie and the Pussycats

Choyon
    $2000 3
Auckland

Choyon
    $2000 23
opportunity cost

Laurie

Scores at the end of the Double Jeopardy! Round:

Andrew Choyon Laurie
$11,800 $18,800 $7,600

[wagering suggestions for these scores]

Final Jeopardy! Round responses

19th CENTURY AUTHORS
LaurieWho is Mark Twain?
$5,000
AndrewWho is Thoreau?
$11,800
ChoyonWho is Thoreau?
$5,000
Thoreau

Final scores:

Andrew Choyon Laurie
$23,600 $23,800 $2,600
2nd place: $2,000 New champion: $23,800 3rd place: $1,000

Game dynamics:

Coryat scores:

Andrew Choyon Laurie
$11,800 $15,600 $7,600
17 R,
4 W
19 R
(including 3 DDs),
4 W
11 R,
3 W

Combined Coryat: $35,000

[game clues] [game scores] [suggest correction]

Game tape date: 2015-03-03
The J! Archive is created by fans, for fans. Scraping, republication, monetization, and malicious use prohibited; this site may use cookies and collect identifying information. See terms. The Jeopardy! game show and all elements thereof, including but not limited to copyright and trademark thereto, are the property of Jeopardy Productions, Inc. and are protected under law. This website is not affiliated with, sponsored by, or operated by Jeopardy Productions, Inc. Join the discussion at JBoard.tv.